| 000 | 00886nam a2200229Ii 4500 | ||
|---|---|---|---|
| 003 | JO-AjNU | ||
| 008 | 230605s9999||||xx |||||||||||||| ||und|| | ||
| 017 | _a1999/9/1700 | ||
| 020 | _a9957-02-033-1 | ||
| 040 |
_aJO-AjNU _bara _erda _cJO-AjNU |
||
| 041 | _aara | ||
| 050 | 1 | 4 | _aHD30.23.S222 1999 |
| 100 | 3 |
_aالصفار، أحمد عبد اسماعيل ؛ م.مشارك ماجدة عبد اللطيف محمد, _eauthor _957153 |
|
| 245 | 0 | 0 | _aالأساليب الكمية في الإدارة |
| 250 | _aط1 | ||
| 264 | 3 | 1 | _aعمان: دار مجدلاوي للنشر والتوزيع، 1999 |
| 300 |
_a287ص _bيتضمن المراجع والملحق المرقم ص 285-287 |
||
| 336 |
_atext _btxt _2rdacontent |
||
| 337 |
_aunmediated _bn _2rdamedia |
||
| 338 |
_avolume _bnc _2rdacarrier |
||
| 650 | 4 |
_aاتخاذ القرارات- الاساليب الادارية _957154 |
|
| 999 |
_aA25594 _c29162 _d29162 |
||